01191 2200253 4500001002100000005001500021035002000036007000300056008004100059020001800100082001100118084001700129100001800146245007400164250001100238260003600249300002700285650002200312650002100334520050700355990002500862990002500887990002500912INLIS00000000001072520221125012848 a0010-1122000067ta221125 g 0 ind  a979-421-966-5 a001.42 a001.42 RUS m0 aRosady Ruslan1 aMetode Penelitian :bPublic Relations dan Komunikasi /cRosady Ruslan aCet. 5 aJakarta :bRajawali Pers,c2010 axxiv, 312 hlm ;c21 cm 4aMetode Penelitian 4aPublic Relations aPublic Relations (PR) disebut juga dengan Hubungan Masyarakat (Humas) merupakan salah satu ilmu sosial yang membidangi komunikasi. PR bisa dikatakan relatif baru. oleh karena itu pula metode penelitian khusus membahas mengenai PR pun masih sulit ditemukan. Sementara pakar komunikasi dan praktisi PR menyatakan tanpa melalui kegiatan riset. kita tidak akan sukses dan efektif dalam melaksanakan kegiatan PR/Humas. Dengan demikian. hadirnya buku ini dapat memenuhi kebutuhan mengenai buku penelitian PR. a21336/MKRI-P/XI-2011 a21337/MKRI-P/XI-2011 a21339/MKRI-P/XI-2011